| 000 | 00777cam a22002417a 4500 | ||
|---|---|---|---|
| 003 | OSt | ||
| 005 | 20180410153805.0 | ||
| 008 | 180410e201802 spc 0|1 0 cat|d | ||
| 017 |
_aDL B 1000-2018 _bBiblioteca de Catalunya |
||
| 020 | _a9788497102728 | ||
| 040 |
_aES-BaUAB _bcat _cCDMR |
||
| 100 | 1 |
_aBassas, Antoni _d1961- _9771 |
|
| 245 | 1 | 0 |
_aBon dia, són les vuit! _c/ Antoni Bassas |
| 260 |
_aBarcelona : _bDestino, _c2018 |
||
| 300 |
_a342 pàgines ; _c24 cm |
||
| 504 | _aÍndex | ||
| 586 | _aPremi Josep Pla 2018 | ||
| 600 | 1 | 4 |
_aBassas, Antoni _d1961- _9771 |
| 610 | 2 | 7 |
_aCatalunya Ràdio _xProgrames _2lemac _93382 |
| 630 | 0 | 7 |
_aMatí de Catalunya Ràdio (Programa de ràdio) _2lemac |
| 650 | 7 |
_aRadiodifusió _xProgrames _zCatalunya _xAnècdotes _2lemac |
|
| 942 | _cMON | ||
| 999 |
_c7119 _d7119 |
||